Kurangkan ketegangan dan tekanan dalam diri anda

Bibliographic Details
Main Author: Sherina
Format: Book
Published: Kuala Lumpur : Golden Books Centre Sdn.Bhd. , 1995
Series:Motivasi
Subjects:

MARC

LEADER 00000cam a2200000 7i4500
001 0000008146
002 000008886
005 20000330.0
020 |a 9837201711 
090 0 0 |a 155.9042   |b SHE 
100 0 |a Sherina 
245 1 0 |a Kurangkan ketegangan dan tekanan dalam diri anda   |c Sherina 
260 |a Kuala Lumpur :   |b Golden Books Centre Sdn.Bhd. ,   |c 1995 
300 |a 99p. ;   |c 18cm. 
490 0 |a Motivasi 
650 0 0 |a Stress 
999 |a 00173760   |b BUKU   |c PINJAMAN   |e PERPUSTAKAAN KOMUNITI PETALING JAYA